000
00355nam a2200121Ia 4500
003
GCL
008
140319s9999 xx 000 0 ara d
040
_a
GCL /
_c
GCL
082
0
4
_a
م
_b
953
_b
ح ت
245
1
0
_a
تاريخ التمدن الاسلامى
260
_a
[S.N] :
_b
دار الكتب المصرية
490
_a
شكاوى المصرى الفصيح
_v
0
999
_c
59378
_d
59378